Postavenie krajín Strednej Ameriky vo svetovom hospodárstve so zameraním sa na Kostariku, Panamu a Guatemalu diplomová práca

Uložené v:
Podrobná bibliografia
Hlavný autor: Cagáňová, Hana
Korporativný autor: Obchodná fakulta EU. Katedra medzinárodného obchodu
Ďalší autori: Baumgartner, Boris
Médium: Kniha
Jazyk:Slovak
Vydavateľské údaje: Bratislava 2015
Tagy: Pridať tag
Žiadne tagy, Buďte prvý, kto otaguje tento záznam!

MARC

LEADER 00000nbm a2200000 4500
001 0201404
005 20161212103536.2
041 0 |a slo 
044 |a SK 
245 1 0 |a Postavenie krajín Strednej Ameriky vo svetovom hospodárstve so zameraním sa na Kostariku, Panamu a Guatemalu  |b diplomová práca  |c Hana Cagáňová ; školiteľ: Boris Baumgartner 
264 1 |a Bratislava  |c 2015 
300 |a 94 s. 
100 1 |a Cagáňová, Hana 
700 1 |a Baumgartner, Boris 
710 2 |a Obchodná fakulta EU. Katedra medzinárodného obchodu